000
00285nam a2200133Ia 4500
008
260604s9999 xx 000 0 und d
020
_a
9789349953604
082
_a
891.733 DOS
100
_a
DOSTOEVSKY
_9
35249
245
0
_a
THE IDIOT
260
_b
DPS
500
_a
Idiot
942
_c
BK
999
_c
8013
_d
8013